000 00502nam a2200181Ia 4500
008 240925s9999 xx 000 0 und d
020 _a134451236
082 _a005.14 MUR
100 _aMurphy ,Mark L.
245 0 _aC/C++ Software Quality Tools
250 _aNA
260 _aNew Jersey:
_bPrintice- Hall Int.
_c,1996.
300 _axx,647p.
_bNA
_fOriginal
500 _aIncludes Index
600 _aEngineering Technology
650 _aComputer science, information & general works
942 _cBK
999 _c5099
_d5099